[Event "Piemonte-ch 06"]
[Site "Turin"]
[Date "2005.12.07"]
[Round "6"]
[White "Catana, Costel"]
[Black "Pepino, Enrico"]
[Result "0-1"]
[WhiteElo "2095"]
[BlackElo "2149"]
[PlyCount "104"]
[EventDate "2005.12.03"]
[EventType "swiss"]
[EventRounds "7"]
[EventCountry "ITA"]
[SourceTitle "EXT 2008"]
[Source "ChessBase"]
[SourceDate "2007.11.25"]
[SourceVersion "1"]
[SourceVersionDate "2007.11.25"]
[SourceQuality "1"]

1. e4 c5 2. Nf3 d6 3. d4 cxd4 4. Nxd4 Nf6 5. Nc3 g6 6. Be2 Bg7 7. Be3 0-0 8. Qd2 Nc6 9. f3 d5 10. exd5 Nxd5 11. Nxc6 bxc6 12. Rd1 Bf5 13. Bd4 Bxd4 14. Qxd4 Qa5 15. Bd3 Nxc3 16. Qxc3 Qxc3+ 17. bxc3 Be6 18. Ke2 Rab8 19. a3 Rb6 20. Rb1 Rfb8 21. Rb4 Kg7 22. Rd1 f5 23. f4 Kf6 24. Kf2 Rc8 25. Rdb1 Rcb8 26. Re1 Rc8 27. Reb1 Rxb4 28. cxb4 c5 29. b5 c4 30. Bf1 Bd5 31. c3 Rc5 32. a4 e5 33. fxe5+ Kxe5 34. a5 f4 35. Rb4 Rc8 36. h4 Kd6 37. Be2 Rb8 38. Bf3 Bxf3 39. Kxf3 Kc5 40. b6 axb6 41. axb6 Rxb6 42. Rxb6 Kxb6 43. Kxf4 Ka5 44. Ke5 Ka4 45. g4 Kb3 46. h5 gxh5 47. gxh5 Kxc3 48. Kf6 Kb3 49. Kg7 c3 50. Kxh7 c2 51. h6 c1Q 52. Kg7 Qg5+ 0-1

[Event "Turin Piemonte op 6th"]
[Site "Turin"]
[Date "2005.11.19"]
[Round "2"]
[White "Catana, Costel"]
[Black "Iacomussi, Mario"]
[Result "1-0"]
[WhiteElo "2095"]
[BlackElo "1667"]
[PlyCount "88"]
[EventDate "2005.11.18"]
[EventType "swiss"]
[EventRounds "9"]
[EventCountry "ITA"]
[SourceTitle "EXT 2007"]
[Source "ChessBase"]
[SourceDate "2006.11.23"]
[SourceVersion "1"]
[SourceVersionDate "2006.11.23"]
[SourceQuality "1"]

1. e4 c5 2. Nf3 d6 3. d4 cxd4 4. Nxd4 Nf6 5. Nc3 a6 6. Be2 e6 7. Be3 Nc6 8. 0-0 Be7 9. Qd2 Qc7 10. f4 e5 11. Nf3 exf4 12. Bxf4 0-0 13. Kh1 Be6 14. Ng5 Ne5 15. Nd5 Bxd5 16. exd5 h6 17. Nf3 Neg4 18. Nd4 Ne4 19. Qe1 Ngf6 20. Bd3 Nc5 21. Bf5 Nxd5 22. b4 Nxf4 23. Rxf4 Bf6 24. c3 Nd7 25. Bc2 Rfe8 26. Qg3 Re5 27. Raf1 Rg5 28. Qd3 Rg6 29. Qe2 Rg5 30. Qd3 Rg6 31. Nf5 Bg5 32. Nh4 Bxh4 33. Rxh4 d5 34. h3 Qc6 35. Bb3 Nb6 36. Rff4 Rf6 37. Rf5 Rxf5 38. Qxf5 Rf8 39. Qd3 Rd8 40. a4 Rd6 41. Bc2 Rg6 42. a5 Na4 43. Qd4 Qxc3 44. Qxd5 Kf8 1-0

[Event "Piemonte-ch"]
[Site "Turin"]
[Date "2005.04.23"]
[Round "3"]
[White "Catana, Costel"]
[Black "Pedemonte, Claudio"]
[Result "1-0"]
[WhiteElo "2073"]
[BlackElo "1951"]
[PlyCount "96"]
[EventDate "2005.04.21"]
[EventType "swiss"]
[EventRounds "7"]
[EventCountry "ITA"]
[SourceTitle "EXT 2008"]
[Source "ChessBase"]
[SourceDate "2007.11.25"]
[SourceVersion "1"]
[SourceVersionDate "2007.11.25"]
[SourceQuality "1"]

1. e4 d5 2. exd5 Qxd5 3. Nc3 Qa5 4. d4 Nf6 5. Nf3 c6 6. Bd2 Qb6 7. Rb1 Bf5 8. Be2 e6 9. 0-0 Bd6 10. Be3 Qc7 11. h3 0-0 12. Nh4 Bg6 13. Nxg6 hxg6 14. Re1 Nbd7 15. Qd2 Nb6 16. Bg5 Nbd5 17. Bf3 Rfe8 18. Rbd1 Nxc3 19. Qxc3 Nd5 20. Qb3 a5 21. a3 a4 22. Qd3 Ra5 23. Bd2 Raa8 24. c4 Nf6 25. Re2 Rad8 26. Qc2 Ra8 27. Rde1 c5 28. d5 e5 29. Bc3 Nd7 30. g4 Qd8 31. Bg2 Qh4 32. Qd3 Qg5 33. Bd2 Qd8 34. g5 Qb6 35. Bc3 Re7 36. f4 Rae8 37. f5 e4 38. Bxe4 Ne5 39. Bxe5 Bxe5 40. fxg6 fxg6 41. Kf1 Qd6 42. Bxg6 Rf8+ 43. Kg2 Rf4 44. Bh7+ Kh8 45. Qg6 Qc7 46. Qh5 g6 47. Bxg6+ Kg7 48. Rxe5 Rxe5 1-0

[Event "Piemonte-ch"]
[Site "Turin"]
[Date "2005.04.22"]
[Round "2"]
[White "Pepino, Enrico"]
[Black "Catana, Costel"]
[Result "0-1"]
[WhiteElo "2159"]
[BlackElo "2073"]
[PlyCount "74"]
[EventDate "2005.04.21"]
[EventType "swiss"]
[EventRounds "7"]
[EventCountry "ITA"]
[SourceTitle "EXT 2008"]
[Source "ChessBase"]
[SourceDate "2007.11.25"]
[SourceVersion "1"]
[SourceVersionDate "2007.11.25"]
[SourceQuality "1"]

1. e4 c5 2. Nf3 d6 3. d4 cxd4 4. Nxd4 Nf6 5. Nc3 g6 6. Be3 Bg7 7. f3 a6 8. Qd2 Nc6 9. 0-0-0 Qa5 10. Nb3 Qc7 11. h4 h5 12. Kb1 b5 13. Bg5 Be6 14. Be2 Rc8 15. f4 Na5 16. Nxa5 Qxa5 17. Bxf6 Bxf6 18. Nd5 Qxd2 19. Nxf6+ exf6 20. Rxd2 Ke7 21. Rhd1 Rhd8 22. g3 f5 23. exf5 Bxf5 24. Bd3 Kf6 25. Bxf5 Kxf5 26. Rd5+ Kg4 27. Rg5+ Kf3 28. f5 Rc5 29. Rd3+ Kf2 30. fxg6 Rxg5 31. hxg5 fxg6 32. Kc1 d5 33. Kd2 d4 34. Kd1 Re8 35. Rxd4 Re1+ 36. Kd2 Re2+ 37. Kd1 Re5 0-1

[Event "Torino Epifania op"]
[Site "Torino"]
[Date "2005.01.??"]
[Round "6"]
[White "Catana, Costel"]
[Black "Martin, Tiziano"]
[Result "1/2-1/2"]
[WhiteElo "2076"]
[BlackElo "1964"]
[PlyCount "96"]
[EventDate "2005.01.??"]
[EventType "swiss"]
[EventRounds "7"]
[EventCountry "ITA"]
[SourceTitle "EXT 2024"]
[Source "ChessBase"]
[SourceDate "2023.10.10"]
[SourceVersion "1"]
[SourceVersionDate "2023.10.10"]
[SourceQuality "1"]

1. e4 e5 2. Nf3 d6 3. Bc4 Be7 4. d4 exd4 5. Qxd4 Nf6 6. Nc3 Nc6 7. Qe3 0-0 8. Bd2 a6 9. Nd5 Nxd5 10. exd5 Bf6 11. dxc6 Re8 12. cxb7 Rxe3+ 13. fxe3 Bxb7 14. 0-0 d5 15. Bd3 c5 16. Rf2 Rb8 17. Rb1 Bc8 18. b3 c4 19. Bf1 Qb6 20. Re1 c3 21. Bc1 Bf5 22. Kh1 Be4 23. h3 g6 24. Rd1 Qe6 25. Kg1 Bxf3 26. Rxf3 Bg7 27. Bd3 f5 28. Re1 Qc6 29. a4 Re8 30. Ba3 Qb6 31. Bc1 Bh6 32. Kf1 d4 33. Bc4+ Kh8 34. Ke2 dxe3 35. Kd3 Rd8+ 36. Ke2 f4 37. Ref1 a5 38. h4 Qc7 39. Rg1 Qe7 40. g3 fxg3 41. Rgxg3 Rd2+ 42. Ke1 Qxh4 43. Bxd2 cxd2+ 44. Kd1 Qh1+ 45. Rf1 Qh4 46. Rgf3 Qh5 47. Ke2 Qh2+ 48. Kd1 Qe5 1/2-1/2

[Event "Torino op 10"]
[Site "Torino"]
[Date "2004.10.??"]
[Round "5"]
[White "Catana, Costel"]
[Black "Raviola, Giuseppe"]
[Result "0-1"]
[WhiteElo "2100"]
[BlackElo "2083"]
[PlyCount "93"]
[EventDate "2004.10.??"]
[EventType "swiss"]
[EventRounds "7"]
[EventCountry "ITA"]
[SourceTitle "EXT 2024"]
[Source "ChessBase"]
[SourceDate "2023.10.10"]
[SourceVersion "1"]
[SourceVersionDate "2023.10.10"]
[SourceQuality "1"]

1. e4 c5 2. Nf3 Nc6 3. d4 cxd4 4. Nxd4 e5 5. Nb3 Nf6 6. Nc3 Bb4 7. a3 Bxc3+ 8. bxc3 d5 9. exd5 Qxd5 10. Qxd5 Nxd5 11. Bd2 Bf5 12. Bd3 Bxd3 13. cxd3 Rd8 14. Rb1 0-0 15. 0-0 Nb6 16. Nc5 Rd5 17. Be3 Nd7 18. Ne4 f5 19. Ng5 f4 20. Bc1 b6 21. Rd1 Nc5 22. c4 Rxd3 23. Bb2 Rfd8 24. Re1 h6 25. Nh3 Rb3 26. f3 Rd2 27. Ba1 Rxb1 28. Rxb1 Ra2 29. Rd1 Rxa3 30. Nf2 a5 31. h3 Ra4 32. Ng4 Rxc4 33. Nxe5 Nxe5 34. Bxe5 b5 35. Rd8+ Kf7 36. Ra8 Nd3 37. Ra7+ Ke6 38. Bb8 Rc1+ 39. Kh2 a4 40. g3 Rc2+ 41. Kg1 g5 42. Ra6+ Kd5 43. gxf4 Nxf4 44. h4 Nh3+ 45. Kh1 gxh4 46. Rxh6 a3 47. Rxh4 0-1

[Event "Torino Epifania op"]
[Site "Torino"]
[Date "2004.01.??"]
[Round "6"]
[White "Ferrario, Enrico"]
[Black "Catana, Costel"]
[Result "0-1"]
[WhiteElo "1779"]
[BlackElo "1897"]
[PlyCount "46"]
[EventDate "2004.01.??"]
[EventType "swiss"]
[EventRounds "6"]
[EventCountry "ITA"]
[SourceTitle "EXT 2024"]
[Source "ChessBase"]
[SourceDate "2023.10.10"]
[SourceVersion "1"]
[SourceVersionDate "2023.10.10"]
[SourceQuality "1"]

1. d4 d5 2. Bf4 Bf5 3. Nf3 e6 4. e3 h6 5. h3 Nd7 6. Nbd2 Bd6 7. Bxd6 cxd6 8. c4 dxc4 9. e4 Bg6 10. Bxc4 Ne7 11. Qb3 Rb8 12. 0-0 a6 13. Nh4 Nb6 14. Be2 Bh7 15. f4 0-0 16. f5 Nc6 17. fxe6 Nxd4 18. exf7+ Kh8 19. Qe3 Nxe2+ 20. Qxe2 Qxh4 21. Qe3 Nd7 22. Rf4 Qe7 23. Raf1 Ne5 0-1

[Event "Turin Piemonte op 5th"]
[Site "Turin"]
[Date "2003.12.08"]
[Round "7"]
[White "Pantalone, Marcello"]
[Black "Catana, Costel"]
[Result "0-1"]
[WhiteElo "1963"]
[BlackElo "1870"]
[PlyCount "76"]
[EventDate "2003.12.04"]
[EventType "swiss"]
[EventRounds "7"]
[EventCountry "ITA"]
[SourceTitle "EXT 2008"]
[Source "ChessBase"]
[SourceDate "2007.11.25"]
[SourceVersion "1"]
[SourceVersionDate "2007.11.25"]
[SourceQuality "1"]

1. c4 Nf6 2. Nc3 g6 3. g3 Bg7 4. Bg2 0-0 5. e3 c5 6. Nge2 Nc6 7. d3 b6 8. 0-0 Bb7 9. a3 e6 10. e4 d6 11. h3 Qc7 12. f4 Rae8 13. Kh2 Re7 14. Be3 Rc8 15. Qd2 a6 16. Rae1 Rce8 17. b3 d5 18. exd5 exd5 19. Bf2 d4 20. Ne4 Nd8 21. Nxf6+ Bxf6 22. Ng1 Bxg2 23. Kxg2 Qb7+ 24. Kh2 Ne6 25. Re4 Bg7 26. a4 f5 27. Ree1 Bh6 28. h4 Kf8 29. Qd1 Qc7 30. Nh3 Qb7 31. Ng5 Bxg5 32. hxg5 h6 33. gxh6 Rh7 34. g4 Rxh6+ 35. Kg3 g5 36. Rxe6 gxf4+ 37. Kxf4 Qc7+ 38. Kf3 Rexe6 0-1

[Event "Turin Piemonte op 5th"]
[Site "Turin"]
[Date "2003.12.06"]
[Round "3"]
[White "Vinciguerra, Marco"]
[Black "Catana, Costel"]
[Result "1/2-1/2"]
[WhiteElo "2160"]
[BlackElo "1870"]
[PlyCount "26"]
[EventDate "2003.12.04"]
[EventType "swiss"]
[EventRounds "7"]
[EventCountry "ITA"]
[SourceTitle "EXT 2008"]
[Source "ChessBase"]
[SourceDate "2007.11.25"]
[SourceVersion "1"]
[SourceVersionDate "2007.11.25"]
[SourceQuality "1"]

1. Nf3 c5 2. b3 g6 3. Bb2 Nf6 4. e4 d6 5. Be2 Bg7 6. 0-0 Nc6 7. d3 0-0 8. Nbd2 Qc7 9. c3 Bd7 10. Rc1 Rfe8 11. d4 e6 12. Re1 Rad8 13. Nc4 Na5 1/2-1/2